| 000 | 00492nam a2200193Ia 4500 | ||
|---|---|---|---|
| 003 | SISC | ||
| 005 | 20181022080609.0 | ||
| 008 | 181016s9999 xx 000 0 und d | ||
| 020 | _a9780446401302 | ||
| 050 | _aPS 3533 .C752 2008 | ||
| 100 | _aConnelly, Michael | ||
| 245 |
_cMichael Connelly _aThe Overlook/ |
||
| 260 |
_aNY: _bHieronymus, Inc. _c2008 |
||
| 300 |
_a285 pages : _c17 cm. |
||
| 650 | _aMurder investigation | ||
| 650 | _aTerrorism | ||
| 942 |
_2lcc _cBK |
||
| 999 |
_c359235 _d359235 |
||